000
00167 a2200097 4500
001
14314
100
_a
245
_a
260
_a
Oxford
_b
_c
090
_c
11223
_d
11223
942
_a
NUST-CAE
_c
_c
1363
999
_c
249387
_d
249387